000 01347cam a2200337 a 4500
001 11850737
003 ARRUPE
005 20220405092047.0
008 991126s2000 enkb b 001 0 eng
010 _a 99059862
020 _a0521780128
020 _a0521784301 (pbk.)
040 _aDLC
_cDLC
_dDLC
043 _af------
050 0 0 _aHT1321
_b.L68 2000
082 0 0 _a306.3/62/096
_221
100 1 _aLovejoy, Paul E.
_925801
245 1 0 _aTransformations in slavery :
_ba history of slavery in Africa /
_cPaul E. Lovejoy
250 _a2nd ed.
260 _aCambridge, UK ;
_aNew York :
_bCambridge University Press,
_c2000.
300 _axxii, 367 p. :
_bmaps ;
_c24 cm.
440 0 _aAfrican studies series ;
_v36
_91224
504 _aIncludes bibliographical references (p. 318-354) and index.
650 0 _aSlavery
_zAfrica
_xHistory.
_951181
650 0 _aSlave trade
_zAfrica
_xHistory.
_922464
856 4 2 _3Publisher description
_uhttp://www.loc.gov/catdir/description/cam0210/99059862.html
856 4 1 _3Table of contents
_uhttp://www.loc.gov/catdir/toc/cam026/99059862.html
906 _a7
_bcbc
_corignew
_d1
_eocip
_f19
_gy-gencatlg
942 _2lcc
_cMONOGRAPH
999 _c131237
_d131237